Ninety years of housing, 1921-2011 (Record no. 114627)
[ view plain ]
| 000 -LEADER | |
|---|---|
| fixed length control field | 00884cam a22002175a 4500 |
| 001 - CONTROL NUMBER | |
| control field | L157148 |
| 008 - FIXED-LENGTH DATA ELEMENTS--GENERAL INFORMATION | |
| fixed length control field | 120910s2012 xxk f 000 0 eng d |
| 020 ## - INTERNATIONAL STANDARD BOOK NUMBER | |
| International Standard Book Number | 9781848062658 |
| 035 ## - SYSTEM CONTROL NUMBER | |
| System control number | (Sirsi) u157148 |
| 041 0# - LANGUAGE CODE | |
| Language code of text/sound track or separate title | eng |
| 050 04 - LIBRARY OF CONGRESS CALL NUMBER | |
| Classification number | 306.1 $2 18 |
| 100 1# - MAIN ENTRY--PERSONAL NAME | |
| Personal name | Utley, Janet |
| 245 00 - TITLE STATEMENT | |
| Title | Ninety years of housing, 1921-2011 |
| Remainder of title | trends relating to living standards, energy use and carbon emissions |
| 260 ## - PUBLICATION, DISTRIBUTION, ETC. | |
| Place of publication, distribution, etc. | Watford |
| Name of publisher, distributor, etc. | BRE |
| Date of publication, distribution, etc. | 2012 |
| 300 ## - PHYSICAL DESCRIPTION | |
| Extent | iv, 41p. |
| Other physical details | col. ill. |
| Dimensions | 30cm. |
| 520 ## - SUMMARY, ETC. | |
| Summary, etc. | Looks at the changes to housing which have occurred over the last 90 years, and which have contributed to improved standards of living, energy efficiency and CO2 emissions. Looks at improvements which will need to be made by 2050 to meet the current targets to cut emissions. |
| 651 #4 - SUBJECT ADDED ENTRY--GEOGRAPHIC NAME | |
| Geographic name | United Kingdom |
| Chronological subdivision | |
| 690 ## - LOCAL SUBJECT ADDED ENTRY--TOPICAL TERM (OCLC, RLIN) | |
| Topical term or geographic name as entry element | Residential property |
| 9 (RLIN) | 6266 |
| 700 1# - ADDED ENTRY--PERSONAL NAME | |
| Personal name | Shorrock, Les |
| 942 ## - ADDED ENTRY ELEMENTS (KOHA) | |
| Suppress in OPAC | 0 |
| Withdrawn status | Lost status | Source of classification or shelving scheme | Damaged status | Not for loan | Home library | Current library | Shelving location | Date acquired | Cost, normal purchase price | Total Checkouts | Full call number | Barcode | Date last seen | Copy number | Cost, replacement price | Price effective from | Koha item type |
|---|---|---|---|---|---|---|---|---|---|---|---|---|---|---|---|---|---|
| Dewey Decimal Classification | London | London | Books | 20/11/2012 | 25.06 | F306.1 UTL | 30077498 | 06/08/2019 | 1 | 25.06 | 06/08/2019 | Book |